Southville International School and Colleges
Your cart is empty.
  • Cart
  • Lists
    Public lists Eva Luna New books Lux_list list_1
    Your lists Log in to create your own lists
  • Log in to your account
  • Your cookies
  • Search history
Southville International School and Colleges
  • Advanced search
  • Recent comments
  • Most popular
  • Libraries

Log in to your account

Log in with GOOGLE


If you do not have an external account, but do have a local account, you can still log in:

  1. Home
  2. MARC view: Enter the speed zone /
Normal view MARC view ISBD view

Enter the speed zone / (Record no. 358260)

[ view plain ]
MARC details
000 -LEADER
fixed length control field 00706nam a2200277Ia 4500
008 - FIXED-LENGTH DATA ELEMENTS--GENERAL INFORMATION
fixed length control field 180803s9999 xx 000 0 und d
020 ## - INTERNATIONAL STANDARD BOOK NUMBER
International Standard Book Number 9780439739085
050 ## - LIBRARY OF CONGRESS CALL NUMBER
Item number S217 2006
100 ## - MAIN ENTRY--PERSONAL NAME
Personal name Sandler, Michael
245 #0 - TITLE STATEMENT
Title Enter the speed zone /
245 #0 - TITLE STATEMENT
Statement of responsibility, etc by Michael Sandler.
260 ## - PUBLICATION, DISTRIBUTION, ETC. (IMPRINT)
Place of publication, distribution, etc Broadway, New York :
260 ## - PUBLICATION, DISTRIBUTION, ETC. (IMPRINT)
Name of publisher, distributor, etc Scholastic,
260 ## - PUBLICATION, DISTRIBUTION, ETC. (IMPRINT)
Date of publication, distribution, etc 2006
300 ## - PHYSICAL DESCRIPTION
Extent 16 pages :
300 ## - PHYSICAL DESCRIPTION
Other physical details colored ;
300 ## - PHYSICAL DESCRIPTION
Dimensions 23cm.
440 ## - SERIES STATEMENT/ADDED ENTRY--TITLE
Title Scholastic FX books.
500 ## - GENERAL NOTE
General note 430
650 ## - SUBJECT ADDED ENTRY--TOPICAL TERM
Topical term or geographic name as entry element Automobile racing --
650 ## - SUBJECT ADDED ENTRY--TOPICAL TERM
Topical term or geographic name as entry element NASCAR (Association).
650 ## - SUBJECT ADDED ENTRY--TOPICAL TERM
General subdivision Automobile racing.
650 ## - SUBJECT ADDED ENTRY--TOPICAL TERM
General subdivision United States -- Juvelnile Literature.
700 ## - ADDED ENTRY--PERSONAL NAME
Personal name Series.
700 ## - ADDED ENTRY--PERSONAL NAME
Personal name Title.
Holdings
Withdrawn status Lost status Damaged status Home library Current library Shelving location Date acquired Cost, normal purchase price Total Checkouts Full call number Barcode Date last seen Price effective from Koha item type
      Stonyhurst Southville International School (Malarayat) Stonyhurst Southville International School (Malarayat)   08/03/2018 0.00   LEX S217 2006 SSISM5538 08/03/2018 08/03/2018 Lexile

Enter the speed zone /

APA

Sandler M., Series & Title.Enter the speed zone. Broadway, New York: .

Chicago

Sandler Michael, Series and Title.Enter the speed zone. Broadway, New York: .

Harvard

Sandler M., Series and Title.Enter the speed zone. Broadway, New York: .

MLA

Sandler Michael, Series and Title.Broadway, New York: . .

  • Place hold
  • Print
  • Cite
  • Add to your cart (remove)
  • Save record
    BIBTEX Dublin Core MARCXML MARC (non-Unicode/MARC-8) MARC (Unicode/UTF-8) MARC (Unicode/UTF-8, Standard) MODS (XML) RIS
  • More searches
    Search for this title in:
    Other Libraries (WorldCat) Other Databases (Google Scholar) Online Stores (Bookfinder.com) Open Library (openlibrary.org)

Exporting to Dublin Core...

SOUTHVILLE LIBRARY

Southville International School and Colleges Library

1281 Tropical Ave. Cor. Luxembourg St., BF Homes International, Las Pinas City

Tel. No. 8256374 / 252358 Loc. 117/146

Powered by Koha